000 00887cam a2200265 a 4500
001 331
003 BR-CuiBMT
005 20231108213615.0
008 231030s2009 mgba 000 0 por d
020 _a9788577002344
040 _aBR-CuiBMT
_cBR-CuiBMT
080 _22007
_a347.234
090 _a347.234
_bR454
245 0 0 _aRevisitando o instituto da desapropriação /
_cEdésio Fernandes, Betânia Alfonsin, coordenadores ; [autores Adriana Nogueira Vieira Lima ... et al.].
260 _aBelo Horizonte :
_bFórum,
_c2009.
300 _a352 p. ;
_c24 cm
500 _aInformações de autoria retiradas da capa.
504 _aInclui bibliografia.
650 _aDireito urbanístico
650 _aDesapropriação
700 1 _aFernandes, Edésio
_4coord.
700 1 _aAlfonsin, Betânia
_4coord.
700 1 _aLima, Adriana Nogueira Vieira
_eet al.
_eautores
942 _2udc
_cLV
999 _c331
_d331